South Africa : prospects for peace and security : the Second International Conference on Peace and Security in Southern Africa, Arusha International Conference Centre, United Republic of Tanzania, 2-6 March, 1986.

Bibliographic Details
Corporate Authors: International Conference on Peace and Security in Southern Africa Arusha International Centre, International Peace Academy
Format: Conference Proceeding Book
Language:English
Published: New York : Dordrecht ; Lancaster : International Peace Academy ; Nijhoff, 1987.
Series:IPA report ; no.25.
Subjects:

MARC

Tag First Indicator Second Indicator Subfields
LEADER 00000cam a2200000 a 4500
001 in00000010879
005 20151007051934.0
008 871126s1987 enk 10010 eng d
010 |a gb 87054915  
015 |a GB87-54915 
020 |a 0898389208 (cased) :  |c No price 
020 |a 0898389216 (pbk) :  |c No price 
035 |a (OCoLC)17264514 
035 |9 AAA5542AM 
040 |a UKM  |c UKM  |d TXA  |d UtOrBLW 
043 |a fs----- 
049 |a TXAM  |c [A11026927] 
050 1 0 |a UA855.6 
050 4 |a UA855.6  |b .I57 1986 
082 0 |a 327/.0968  |2 19 
111 2 |a International Conference on Peace and Security in Southern Africa  |n (2nd :  |d 1986 :  |c Arusha International Centre) 
245 1 0 |a South Africa :  |b prospects for peace and security : the Second International Conference on Peace and Security in Southern Africa, Arusha International Conference Centre, United Republic of Tanzania, 2-6 March, 1986. 
264 1 |a New York :  |b International Peace Academy ;  |a Dordrecht ;  |a Lancaster :  |b Nijhoff,  |c 1987. 
300 |a xxxi, 186 pages ;  |c 25 cm. 
336 |a text  |b txt  |2 rdacontent 
337 |a unmediated  |b n  |2 rdamedia 
338 |a volume  |b nc  |2 rdacarrier 
490 1 |a IPA report ;  |v no.25 
650 0 |a National security  |z Africa, Southern. 
710 2 |a International Peace Academy. 
830 0 |a IPA report ;  |v no.25. 
999 |a MARS 
999 f f |s 09cc2f23-5aaa-349f-b21e-856f302c90ad  |i e13ca915-412c-35dc-a25e-1a45f6f96ce5  |t 0 
952 f f |p ric  |a Texas A&M University  |b Rellis Campus  |c Joint Library Facility  |d Remote Storage  |t 0  |e UA855.6 .I57 1986  |h Library of Congress classification  |i unmediated -- volume  |m A14811026927 
998 f f |a UA855.6 .I57 1986  |t 0  |l Remote Storage